[Event "SR 3. liga A2 2007/2008"]
[Site "?"]
[Date "2007.10.14"]
[Round "1"]
[White "Jozefovic, Milan"]
[Black "Fekete, Robert"]
[Result "0-1"]
[WhiteElo "1932"]
[BlackElo "1874"]
[PlyCount "110"]
[EventDate "2007.??.??"]

1. e4 e6 2. d4 d5 3. Nc3 dxe4 4. Nxe4 Bd7 5. Nf3 Bc6 6. Bd3 Nf6 7. Bg5 Be7 8.
Qe2 Nxe4 9. Bxe7 Qxe7 10. Bxe4 Bxe4 11. Qxe4 Qb4+ 12. Nd2 Nc6 13. O-O-O Qxd4
14. Qf3 Qa4 15. a3 O-O-O 16. Nb3 Ne5 17. Qxb7+ Kxb7 18. Nc5+ Kc8 19. Nxa4 Ng4
20. Rdf1 Rd4 21. Nc3 Rhd8 22. h3 Nf6 23. Rd1 a6 24. Rhe1 Rxd1+ 25. Rxd1 Rxd1+
26. Kxd1 Kd7 27. Kd2 h6 28. Kd3 Kc6 29. Ne2 Nd7 30. Nd4+ Kd6 31. b4 g6 32. c4
f5 33. c5+ Kd5 34. Nc2 Ne5+ 35. Kc3 Nc4 36. f4 g5 37. g3 gxf4 38. gxf4 e5 39.
fxe5 Nxe5 40. a4 h5 41. Ne3+ Ke4 42. Nd1 f4 43. b5 axb5 44. axb5 Nd7 45. b6
cxb6 46. c6 Nf6 47. Kc4 Ne8 48. Nc3+ Kf3 49. Nd5 Kg3 50. Kd3 b5 51. Nf6 f3 52.
Nxh5+ Kxh3 53. Ke3 Kg4 54. Ng7 Nxg7 55. c7 Nf5+ 0-1

[Event "SR 3. liga A2 2007/2008"]
[Site "?"]
[Date "2007.10.14"]
[Round "1"]
[White "Arpa, Zoltan"]
[Black "Bilovsky, Milan"]
[Result "0-1"]
[WhiteElo "1843"]
[BlackElo "1874"]
[PlyCount "51"]
[EventDate "2007.??.??"]

1. d4 c6 2. c4 d5 3. e3 Nf6 4. Nc3 e6 5. a3 Nbd7 6. Nf3 Bd6 7. Bd3 O-O 8. O-O
Re8 9. Bd2 dxc4 10. Bxc4 b5 11. Ba2 a5 12. a4 b4 13. Ne2 c5 14. Bc4 Nb6 15. Bb5
Bd7 16. Bxd7 Qxd7 17. dxc5 Bxc5 18. b3 Ne4 19. Qc2 Nxd2 20. Nxd2 Rac8 21. Qb2
Qd3 22. Nf4 Qf5 23. Nf3 e5 24. Ne2 Nd5 25. Rad1 Qe6 26. Rc1 {biely cas} 0-1

[Event "SR 3. liga A2 2007/2008"]
[Site "?"]
[Date "2007.10.14"]
[Round "1"]
[White "Holly, Milan"]
[Black "Both, Lajos"]
[Result "1/2-1/2"]
[WhiteElo "1781"]
[BlackElo "1951"]
[PlyCount "96"]
[EventDate "2007.??.??"]

1. Nf3 Nf6 2. b3 d6 3. Bb2 e5 4. e3 Be7 5. Be2 O-O 6. O-O Nc6 7. c4 b6 8. d4
exd4 9. Nxd4 Nxd4 10. Bxd4 Bb7 11. Bf3 Bxf3 12. Qxf3 Qd7 13. Nd2 Rfe8 14. Rfd1
Qe6 15. Qb7 Qc8 16. Qf3 a5 17. a4 Qe6 18. Rac1 Rac8 19. Re1 Bd8 20. Re2 Nd7 21.
Qb7 Nc5 22. Bxc5 dxc5 23. Qf3 Bf6 24. Nf1 Rcd8 25. Rd2 Rxd2 26. Nxd2 h6 27. g3
Qe5 28. Rd1 Rd8 29. Nf1 Rxd1 30. Qxd1 Qc3 31. Nd2 Qd3 32. Qc1 h5 33. Kg2 h4 34.
Nf3 hxg3 35. Nd2 gxf2 36. Kxf2 Bh4+ 37. Kf3 Qf5+ 38. Kg2 Qf2+ 39. Kh3 Bg5 40.
Nf1 Qf3+ 41. Ng3 Bxe3 42. Qc3 g5 43. Qe5 Bf4 44. Qf5 Qxb3 45. Qc8+ Kg7 46. Kg4
Qd1+ 47. Kh3 Qf3 48. Qh8+ Kg6 1/2-1/2

[Event "SR 3. liga A2 2007/2008"]
[Site "?"]
[Date "2007.10.14"]
[Round "1"]
[White "Bernath, Mikulas"]
[Black "Hrubos, Milan"]
[Result "0-1"]
[WhiteElo "1924"]
[BlackElo "1726"]
[PlyCount "54"]
[EventDate "2007.??.??"]

1. d4 Nf6 2. c4 g6 3. Nc3 Bg7 4. e3 O-O 5. Nf3 d5 6. cxd5 Nxd5 7. e4 Nb6 8. Be3
Bg4 9. Be2 N8d7 10. h3 Bxf3 11. Bxf3 e5 12. d5 Nc4 13. Bc1 Nd6 14. O-O Qh4 15.
Qc2 a6 16. b3 Rac8 17. Kh2 f5 18. exf5 gxf5 19. Bd2 e4 20. Be2 Ne5 21. Qd1 f4
22. Rc1 f3 23. gxf3 exf3 24. Rg1 fxe2 25. Rxg7+ Kxg7 26. Qg1+ Kh8 27. Qg3 Rxf2+
0-1

[Event "SR 3. liga A2 2007/2008"]
[Site "?"]
[Date "2007.10.14"]
[Round "1"]
[White "Husek, Lubomir"]
[Black "Lelkes, Geza"]
[Result "0-1"]
[WhiteElo "1600"]
[BlackElo "1795"]
[PlyCount "62"]
[EventDate "2007.??.??"]

1. d4 d5 2. c4 dxc4 3. Nf3 b5 4. e3 e6 5. a4 c6 6. Bd2 a5 7. Nc3 b4 8. Ne4 Ba6
9. Rc1 Qd5 10. Qc2 Nd7 11. Be2 Nb6 12. b3 cxb3 13. Qxc6+ Qxc6 14. Rxc6 Bxe2 15.
Kxe2 Nxa4 16. Rb1 b2 17. Ne5 Be7 18. Nd3 Nf6 19. Nxf6+ Bxf6 20. Nxb2 Nxb2 21.
Rxb2 O-O 22. Rc5 Rfb8 23. Ra2 Bd8 24. Kd3 a4 25. Rc4 Be7 26. Ra1 a3 27. Kc2 b3+
28. Kb1 a2+ 29. Kb2 f5 30. Bc1 Ba3+ 31. Kc3 Bxc1 0-1

[Event "SR 3. liga A2 2007/2008"]
[Site "?"]
[Date "2007.10.14"]
[Round "1"]
[White "Janko, Ladislav"]
[Black "Hudacek, Josef"]
[Result "1-0"]
[WhiteElo "2195"]
[BlackElo "2081"]
[PlyCount "127"]
[EventDate "2007.??.??"]

1. e4 e5 2. Nf3 Nc6 3. Bb5 a6 4. Ba4 Nf6 5. d3 d6 6. c3 g6 7. Nbd2 Bg7 8. Nf1
b5 9. Bb3 Na5 10. Bc2 c5 11. Ng3 O-O 12. O-O Nc6 13. d4 cxd4 14. cxd4 Bg4 15.
d5 Nd4 16. Bd3 Nxf3+ 17. gxf3 Bh3 18. Re1 Nd7 19. Qd2 f5 20. exf5 gxf5 21. Qg5
Qxg5 22. Bxg5 Rf7 23. Rac1 Nc5 24. Be2 f4 25. Ne4 Rf5 26. Be7 Bf8 27. Bh4 Ra7
28. Kh1 Rg7 29. Rg1 Nxe4 30. fxe4 Rff7 31. Bh5 Rxg1+ 32. Rxg1+ Rg7 33. Bd8 Bd7
34. Rxg7+ Bxg7 35. Kg2 Kf8 36. Kf1 Bh6 37. Ke2 Bh3 38. f3 Bd7 39. Kd3 a5 40.
Bxa5 Ke7 41. Be1 Bg5 42. Kc3 Kd8 43. Kb4 Kc7 44. b3 Bd8 45. a4 bxa4 46. bxa4
Kb6 47. Bf2+ Ka6 48. Bf7 Ba5+ 49. Kb3 Kb7 50. Bh4 Kc7 51. Bg5 Bh3 52. Be6 Bf1
53. Bg4 Be1 54. h4 Ba6 55. h5 Be2 56. Kc2 Bb4 57. h6 Be1 58. Bf5 Bxf3 59. Bxh7
Bg4 60. Bf5 Bxf5 61. exf5 f3 62. Kd1 f2 63. Ke2 e4 64. Bf6 1-0

[Event "SR 3. liga A2 2007/2008"]
[Site "?"]
[Date "2007.10.14"]
[Round "1"]
[White "Strakac, Petr"]
[Black "Sulek, Viliam"]
[Result "1-0"]
[WhiteElo "2029"]
[BlackElo "2172"]
[PlyCount "143"]
[EventDate "2007.??.??"]

1. e4 c5 2. Nf3 Nc6 3. d4 cxd4 4. Nxd4 Nf6 5. Nc3 d6 6. Be2 e5 7. Nb3 Be7 8.
O-O O-O 9. Be3 a5 10. a4 Be6 11. Bf3 Nb4 12. Qd2 d5 13. exd5 Nfxd5 14. Nxd5
Bxd5 15. Bxd5 Nxd5 16. Rfd1 Nxe3 17. Qxe3 Qc7 18. Qe2 b6 19. Rd5 Rac8 20. c3
Bf6 21. Qb5 Rfd8 22. Rad1 Rxd5 23. Rxd5 h6 24. Nd2 Rd8 25. Ne4 Be7 26. Kf1 Rxd5
27. Qxd5 Qd8 28. Qxd8+ Bxd8 29. Ke2 Be7 30. Kd3 f5 31. Ng3 g6 32. Kc4 Bc5 33.
f3 Kf7 34. b4 axb4 35. cxb4 Bf2 36. a5 bxa5 37. bxa5 Ke6 38. Ne2 Kd6 39. Nc3
Kc6 40. Nd5 e4 41. fxe4 fxe4 42. Ne7+ Kd6 43. Nxg6 Ke6 44. a6 Kf5 45. Ne7+ Kf4
46. Nc6 Bb6 47. Nb4 Ba7 48. Nd5+ Ke5 49. Nc3 Kf4 50. Kd5 e3 51. Ne2+ Kf5 52.
Kc4 Ke5 53. Kd3 Kd5 54. Ng3 Ke5 55. Ke2 Kf4 56. Nh5+ Ke5 57. Kf3 Kd4 58. Nf4
Kc4 59. g4 Kb5 60. Nd5 e2 61. Nc3+ Kxa6 62. Nxe2 Kb5 63. Ke4 Kc6 64. Kf5 Kd7
65. Kg6 Be3 66. h4 Ke7 67. Ng3 Kf8 68. Nf5 Bf2 69. h5 Be1 70. Nxh6 Bc3 71. Nf7
Bd4 72. h6 1-0

[Event "SR 3. liga A2 2007/2008"]
[Site "?"]
[Date "2007.10.14"]
[Round "1"]
[White "Kantor, Tamas st"]
[Black "Kubis, Ivan"]
[Result "1/2-1/2"]
[WhiteElo "2059"]
[BlackElo "2018"]
[PlyCount "46"]
[EventDate "2007.??.??"]

1. e4 e5 2. Nf3 Nc6 3. Bb5 a6 4. Ba4 Nf6 5. O-O Be7 6. Re1 b5 7. Bb3 O-O 8. d4
Nxd4 9. Nxd4 exd4 10. e5 Ne8 11. Qxd4 c5 12. Qe4 Nc7 13. c4 bxc4 14. Bc2 g6 15.
Nc3 Rb8 16. Qxc4 Rb4 17. Qd3 d5 18. exd6 Bxd6 19. Ne4 Bf5 20. Qxd6 Qxd6 21.
Nxd6 Bxc2 22. b3 Rd4 23. Nc4 Ne6 $11 1/2-1/2

[Event "SR 3. liga A2 2007/2008"]
[Site "?"]
[Date "2007.10.14"]
[Round "1"]
[White "Vogl, Zdenek"]
[Black "Kantor, Reka"]
[Result "1/2-1/2"]
[WhiteElo "1883"]
[BlackElo "1780"]
[PlyCount "84"]
[EventDate "2007.??.??"]

1. e4 c5 2. Nf3 Nf6 3. Nc3 d5 4. Bb5+ Bd7 5. Bxd7+ Qxd7 6. exd5 Nxd5 7. O-O Nc6
8. d3 e6 9. Re1 Be7 10. Bg5 O-O 11. Bxe7 Nxc3 12. bxc3 Qxe7 13. Qe2 Qf6 14. Ne5
Nxe5 15. Qxe5 Qxe5 16. Rxe5 Rac8 17. a4 Rfd8 18. f4 Rd6 19. Rb1 Rb6 20. Rb3 g6
21. Rb5 Rxb5 22. axb5 b6 23. Re4 Kf8 24. Kf2 Ke7 25. g4 Kd6 26. g5 Rc7 27. Ke3
f5 28. gxf6 Rf7 29. Ra4 e5 30. fxe5+ Kxe5 31. Re4+ Kxf6 32. Rf4+ Ke6 33. Rxf7
Kxf7 34. d4 cxd4+ 35. cxd4 Ke7 36. Ke4 Ke6 37. d5+ Kd6 38. c4 h6 39. h4 Kd7 40.
Ke5 Ke7 41. Kf4 Kd6 42. Ke4 Kd7 1/2-1/2

[Event "SR 3. liga A2 2007/2008"]
[Site "?"]
[Date "2007.10.14"]
[Round "1"]
[White "Puobis, Jozef"]
[Black "Vepy, Ivan"]
[Result "1-0"]
[WhiteElo "2021"]
[BlackElo "1973"]
[PlyCount "59"]
[EventDate "2007.??.??"]

1. e4 e5 2. Nf3 d6 3. d4 exd4 4. Qxd4 c5 5. Bb5+ Bd7 6. Bxd7+ Qxd7 7. Qd3 Be7
8. Nc3 Nf6 9. O-O Nc6 10. Bf4 Rd8 11. Rad1 O-O 12. Rfe1 Rfe8 13. a3 Nh5 14. Nd5
Nxf4 15. Nxf4 Qg4 16. Nd5 Bf8 17. h3 Qh5 18. Rd2 Ne5 19. Nxe5 Qxe5 20. c4 Kh8
21. f4 Qh5 22. Rf2 Re6 23. Ne3 Be7 24. Kh2 Bf6 25. Nf5 g5 26. g4 Qg6 27. fxg5
Qxg5 28. Ref1 Rde8 29. Ng3 Be5 30. Rf5 {èierny èas} 1-0

[Event "SR 3. liga A2 2007/2008"]
[Site "?"]
[Date "2007.10.14"]
[Round "1"]
[White "Hrubsa, Marian"]
[Black "Kubica, Adrian"]
[Result "1-0"]
[WhiteElo "1719"]
[BlackElo "1938"]
[PlyCount "121"]
[EventDate "2007.??.??"]

1. e4 e5 2. Nf3 Nf6 3. Nxe5 d6 4. Nf3 Nxe4 5. d4 d5 6. Bd3 Bd6 7. O-O O-O 8. c4
c6 9. Qc2 f5 10. Nc3 Be6 11. b3 Qa5 12. Ne2 Na6 13. a3 Nb4 14. Qb1 Nxd3 15.
Qxd3 dxc4 16. bxc4 Qa6 17. Nd2 Nxd2 18. Qxd2 Bxc4 19. Re1 Bxe2 20. Rxe2 Rfe8
21. Re1 Rxe1+ 22. Qxe1 Kf7 23. Qc3 Re8 24. Bb2 Qe2 25. Qb3+ Kf8 26. Qc3 b6 27.
g3 c5 28. Qb3 c4 29. Qc3 Qd3 30. Qxd3 cxd3 31. Rd1 Re2 32. Bc1 d2 33. Bxd2 Bxa3
34. Bf4 Bb4 35. Kf1 Rc2 36. Bb8 a5 37. Rb1 $11 Rd2 38. Be5 Rc2 39. h3 g6 40. g4
fxg4 41. hxg4 Kf7 42. Kg2 b5 43. Kf3 Rc4 44. Ke4 $11 a4 45. Kd3 a3 46. d5 Rc5
47. Ba1 Ba5 48. Rh1 Kg8 49. Ke4 b4 50. Kd4 Bb6 51. Ke5 Rc4 52. d6 Rxg4 53. Rc1
Rg5+ 54. Ke6 Rf5 55. Rc6 Bxf2 56. Rc7 Bh4 57. Rg7+ Kf8 58. Rxh7 Rh5 59. Rb7 Kg8
60. Rb8+ Kh7 61. Rh8# 1-0

[Event "SR 3. liga A2 2007/2008"]
[Site "?"]
[Date "2007.10.14"]
[Round "1"]
[White "Kosar, Mikulas st"]
[Black "Brisudova, Veronika"]
[Result "1/2-1/2"]
[WhiteElo "1902"]
[BlackElo "1751"]
[PlyCount "72"]
[EventDate "2007.??.??"]

1. e4 e5 2. Nf3 Nc6 3. Bb5 a6 4. Ba4 Bc5 5. a3 d6 6. d3 Nf6 7. O-O O-O 8. b4
Bb6 9. h3 Be6 10. Nbd2 Ne7 11. Bb3 Ng6 12. Ng5 Qe7 13. Nxe6 fxe6 14. Nf3 c6 15.
Be3 Bxe3 16. fxe3 h6 17. c4 Rad8 18. Qc2 Nh7 19. Rf2 Ng5 20. Nxg5 Qxg5 21. Qe2
Rxf2 22. Qxf2 Rf8 23. Qe2 Rf6 24. Rf1 Rxf1+ 25. Kxf1 Qf6+ 26. Kg1 Kf7 27. Qg4
Qh4 28. Qxh4 Nxh4 29. Kf2 Kf6 30. g3 Ng6 31. Bd1 Ne7 32. Bf3 b6 33. a4 c5 34.
b5 a5 35. h4 g6 36. Kg2 Ng8 1/2-1/2

[Event "SR 3. liga A2 2007/2008"]
[Site "?"]
[Date "2007.10.14"]
[Round "1"]
[White "Harasta, Juraj"]
[Black "Kosar, Mikulas ml"]
[Result "1-0"]
[WhiteElo "1649"]
[BlackElo "1935"]
[PlyCount "57"]
[EventDate "2007.??.??"]

1. e4 d5 2. exd5 Nf6 3. Nc3 Nxd5 4. Bc4 Nxc3 5. Qf3 e6 6. Qxc3 Nc6 7. Nf3 Qd6
8. a3 e5 9. O-O Be6 10. Bxe6 Qxe6 11. Re1 f6 12. d3 Bd6 13. Be3 O-O 14. Bc5 Kh8
15. Rad1 Rad8 16. Rd2 Rf7 17. Rde2 Bxc5 18. Qxc5 Rd5 19. Qc4 Re7 20. d4 Nxd4
21. Nxd4 Qd7 22. Nb3 Qd6 23. Qb4 c5 24. Qg4 Rc7 25. c4 Rd1 26. Rxe5 Qxe5 27.
Qxd1 Rd7 28. Qc1 Qh5 29. Nxc5 1-0

[Event "SR 3. liga A2 2007/2008"]
[Site "?"]
[Date "2007.10.14"]
[Round "1"]
[White "Bukovsky, Milan"]
[Black "Pribila, Gerhard"]
[Result "1/2-1/2"]
[WhiteElo "2024"]
[BlackElo "2026"]
[PlyCount "154"]
[EventDate "2007.??.??"]

1. c4 c5 2. Nf3 g6 3. g3 Bg7 4. Bg2 Nc6 5. Nc3 Nf6 6. O-O O-O 7. d4 cxd4 8.
Nxd4 Nxd4 9. Qxd4 d6 10. Rd1 a6 11. Bd2 Nd7 12. Qe3 Ne5 13. b3 Nc6 14. Rac1 Bd4
15. Qd3 Bf5 16. Be4 Bxe4 17. Qxe4 Qb6 18. e3 Bg7 19. Nd5 Qd8 20. Bc3 Re8 21.
Bxg7 Kxg7 22. Kg2 e6 23. Nf4 Qe7 24. h4 Rad8 $11 25. Rd2 Rd7 26. h5 f5 27. Qc2
Qf6 28. hxg6 hxg6 29. Rcd1 Red8 30. c5 d5 31. Qb2 Qxb2 32. Rxb2 Kf6 33. Rbd2
Rh7 34. Rh1 Rxh1 35. Kxh1 g5 36. Ne2 g4 37. Kg2 Rc8 38. Nf4 Ne5 39. b4 Rh8 40.
Rc2 Rc8 41. Rb2 Nc4 42. Rb1 Rh8 43. a4 Nd2 44. Rb2 Nc4 45. Ra2 Rc8 46. Ra1 a5
47. bxa5 Rxc5 48. Rb1 Rxa5 49. Rxb7 Rxa4 50. Kf1 Ra1+ 51. Ke2 Ra2+ 52. Kd1 Rb2
53. Rxb2 Nxb2+ 54. Ke2 Ke5 55. Ng6+ Kd6 56. Nh4 Nc4 57. Ng2 Ne5 58. Nf4 Nf7 59.
Ng2 Ng5 60. Nf4 Nf3 61. Kd3 Ng1 62. Ng2 Nh3 63. Ke2 Ng5 64. Nf4 Kc5 65. Nd3+
Kc4 66. Ne5+ Kc3 67. Nc6 Nf3 68. Nd8 e5 69. Nf7 d4 70. exd4 exd4 71. Kd1 d3 72.
Nd6 Nd4 73. Nf7 d2 74. Ne5 Nf3 75. Nd3 Kd4 76. Nf4 Ke4 77. Nd3 Kxd3 1/2-1/2

[Event "SR 3. liga A2 2007/2008"]
[Site "?"]
[Date "2007.10.14"]
[Round "1"]
[White "Pribila, Michal"]
[Black "Krist, Milan"]
[Result "0-1"]
[WhiteElo "2067"]
[BlackElo "2055"]
[PlyCount "64"]
[EventDate "2007.??.??"]

1. e4 e6 2. d3 d5 3. Nd2 c5 4. g3 Nf6 5. Bg2 Nc6 6. Ne2 Be7 7. O-O O-O 8. Kh1
e5 9. exd5 Nxd5 10. Nc4 Be6 11. a3 Rc8 12. Ne3 Qd7 13. Nxd5 Bxd5 14. Nc3 Bxg2+
15. Kxg2 Nd4 16. Be3 f5 17. f4 exf4 18. Bxf4 Bf6 19. h4 Rfe8 20. Rb1 b5 21. Rf2
Re7 22. Ne2 Qc6+ 23. Kh3 Rce8 24. Nxd4 Bxd4 25. Rg2 Bxb2 26. Rxb2 Re1 27. Qd2
Qf3 28. c4 Qg4+ 29. Kh2 Rd1 30. Qf2 Ree1 31. Qxe1 Rxe1 32. cxb5 Qd1 0-1

[Event "SR 3. liga A2 2007/2008"]
[Site "?"]
[Date "2007.10.14"]
[Round "1"]
[White "Puchart, Vladimir"]
[Black "Kocak, Branislav"]
[Result "1-0"]
[WhiteElo "2024"]
[BlackElo "1855"]
[PlyCount "93"]
[EventDate "2007.??.??"]

1. d4 Nf6 2. c4 d6 3. Nc3 g6 4. e4 Bg7 5. f3 O-O 6. Be3 Na6 7. Qd2 c5 8. d5 Bd7
9. h4 h5 10. Bh6 Rb8 11. Nh3 Nc7 12. Bxg7 Kxg7 13. Nf4 a6 14. O-O-O b5 15. Re1
bxc4 16. e5 dxe5 17. Rxe5 Rb6 18. Bxc4 Bb5 19. Bb3 Qd6 20. Rhe1 Re8 21. Qe3 c4
22. Bc2 e6 23. dxe6 Nxe6 24. Nxe6+ Rxe6 25. Rxe6 Qxe6 26. Qxe6 Rxe6 27. Rxe6
fxe6 28. Kd2 Bc6 29. Ke3 Nd5+ 30. Nxd5 exd5 31. Kd4 Kf6 32. f4 Kf7 33. Ke5 Kg7
34. g3 Kf7 35. Bd1 d4 36. Kxd4 Bb5 37. Ke5 Kg7 38. Bf3 a5 39. Bd5 a4 40. a3 c3
41. bxc3 Kh6 42. Kf6 Bd7 43. c4 Bc8 44. c5 Bd7 45. c6 Bc8 46. c7 Bb7 47. Bxb7
1-0

[Event "SR 3. liga A2 2007/2008"]
[Site "?"]
[Date "2007.10.14"]
[Round "1"]
[White "Vach, Jozef"]
[Black "Halas, Miroslav"]
[Result "1-0"]
[WhiteElo "1944"]
[BlackElo "1946"]
[PlyCount "75"]
[EventDate "2007.??.??"]

1. d4 d5 2. Nf3 Nf6 3. c4 c6 4. cxd5 cxd5 5. Nc3 e6 6. Bg5 Be7 7. e3 Nc6 8. Rc1
Bd7 9. a3 Qa5 10. Bxf6 Bxf6 11. Qd2 Be7 12. Bd3 a6 13. O-O b5 14. Ra1 O-O 15.
b4 Qc7 16. Rfc1 Qd6 17. Rab1 e5 18. dxe5 Nxe5 19. Nxe5 Qxe5 20. Nxd5 Bd6 21. f4
Qe6 22. Nc7 Bxc7 23. Rxc7 Rad8 24. Rbc1 Qb6 25. R7c5 g6 26. Qf2 Rfe8 27. e4 Bc8
28. Bb1 Bb7 29. e5 Rd7 30. R5c2 Qd8 31. h3 Rd1+ 32. Kh2 Qd5 33. Ba2 Qd3 34.
Rxd1 Qxd1 35. Rd2 Qc1 36. Rd7 Rb8 37. Rxf7 Kh8 38. Qd4 1-0

[Event "SR 3. liga A2 2007/2008"]
[Site "?"]
[Date "2007.10.14"]
[Round "1"]
[White "Klanica, Anton"]
[Black "Brunovsky, Peter"]
[Result "1/2-1/2"]
[WhiteElo "1914"]
[BlackElo "1687"]
[PlyCount "201"]
[EventDate "2007.??.??"]

1. e4 c6 2. d4 d5 3. exd5 cxd5 4. c3 Nf6 5. Bd3 g6 6. Bg5 Bg7 7. Nf3 O-O 8.
Nbd2 Nbd7 9. Qc2 a6 10. O-O b6 11. Rfe1 Bb7 12. Re2 e6 13. Ne5 Rc8 14. Qb3 Qc7
15. Ndf3 Nxe5 16. Nxe5 Ne4 17. Nf3 Nxg5 18. Nxg5 Qd6 19. Nf3 Rc7 20. Rae1 Rfc8
21. a3 a5 22. Qd1 Ra8 23. Bb5 Ba6 24. Qd3 Bxb5 25. Qxb5 Qc6 26. Qxc6 Rxc6 27.
a4 Rc4 28. Ra1 Rac8 29. Kf1 h6 30. Ree1 R4c6 31. Ra3 Bf8 32. Raa1 Bd6 33. h3
Kg7 34. Ke2 Kf6 35. Kd3 Kg7 36. Re2 Rc4 37. g3 R4c6 38. Ne1 Kf8 39. Nc2 Kg7 40.
Ne3 Kf8 41. Rf1 f5 42. f4 Kf7 43. g4 Rh8 44. Rg2 Rcc8 45. Ke2 h5 46. gxf5 gxf5
47. Kf3 Be7 48. Rfg1 Rhg8 49. Rxg8 Rxg8 50. Rxg8 Kxg8 51. Kg3 h4+ 52. Kf3 Kf7
53. Ke2 Ke8 54. Kd3 Bd6 55. Ng2 Kd7 56. b3 Kc6 57. c4 Bc7 58. Ke3 Bd8 59. Kf3
Bf6 60. Ke3 Be7 61. Ne1 Bf6 62. Nf3 Kd6 63. Kd3 dxc4+ 64. Kxc4 Kc6 65. Ne1 Be7
66. Nf3 Bf6 67. Ne1 Be7 68. Kd3 Kd5 69. Ng2 Bf6 70. Ne3+ Kc6 71. Kc4 Be7 72.
d5+ exd5+ 73. Nxd5 Bd6 74. Ne3 Bxf4 75. Nxf5 Bg3 76. Ne7+ Kd6 77. Nd5 Kc6 78.
b4 axb4 79. Nxb4+ Kb7 80. Kb5 Bf2 81. Nd5 Ka7 82. Ne7 Kb7 83. Nf5 Bg3 84. Kc4
Kc6 85. Kd4 Kd7 86. Kd5 Bf2 87. Nd6 Kc7 88. Ne4 Be1 89. Nd6 Bf2 90. Nc4 Kb7 91.
Kd6 Ka6 92. Kc6 Bg1 93. Kd5 b5 94. axb5+ Kxb5 95. Ne5 Kb6 96. Ng4 Bc5 97. Ke6
Kc7 98. Kf5 Bb4 99. Kf4 Be1 100. Ne5 Kd8 101. Kg4 1/2-1/2

[Event "SR 3. liga A2 2007/2008"]
[Site "?"]
[Date "2007.10.14"]
[Round "1"]
[White "Zajicek, Ferdinand"]
[Black "Herega, Jozef"]
[Result "1-0"]
[WhiteElo "1798"]
[BlackElo "1880"]
[PlyCount "99"]
[EventDate "2007.??.??"]

1. e4 c5 2. Nf3 Nc6 3. Nc3 g6 4. Bc4 Bg7 5. a3 d6 6. O-O Nf6 7. d3 Bg4 8. Bb5
O-O 9. Bxc6 bxc6 10. h3 Bd7 11. e5 Nd5 12. Nxd5 cxd5 13. exd6 exd6 14. c3 Rb8
15. d4 c4 16. Bf4 Bf5 17. Qd2 Rb6 18. Rfc1 Qd7 19. Ne1 Rfb8 20. Ra2 h5 21. f3
Qb7 22. g4 hxg4 23. hxg4 Bd7 24. Rb1 f6 25. Qh2 Qc6 26. Bh6 Kf7 27. Bxg7 Kxg7
28. Qf2 Rb3 29. Qd2 Qc8 30. Ng2 g5 31. Ne3 Qg8 32. Kg2 Qh7 33. Rh1 Qd3 34. Rd1
Be6 35. Qxd3 cxd3 36. Rd2 Kf7 37. Kg3 Ke7 38. Nd1 Bd7 39. Rxd3 Bb5 40. Rd2 Bc4
41. Ra1 Kf7 42. Rc1 R3b7 43. b4 a5 44. Ne3 axb4 45. axb4 Ra8 46. Nf5 Ra6 $11
47. Rh2 Kg8 48. Re1 Rh7 49. Re8+ Kf7 50. Re7+ 1-0

[Event "SR 3. liga A2 2007/2008"]
[Site "?"]
[Date "2007.10.14"]
[Round "1"]
[White "Holicky, Miroslav"]
[Black "Kastler, Peter"]
[Result "1/2-1/2"]
[WhiteElo "1835"]
[BlackElo "1679"]
[PlyCount "66"]
[EventDate "2007.??.??"]

1. e4 e5 2. Nf3 Nf6 3. d3 Nc6 4. Bg5 Be7 5. Nc3 d6 6. Qd2 Be6 7. h3 h6 8. Be3
Qd7 9. d4 exd4 10. Nxd4 Nxd4 11. Bxd4 O-O 12. O-O-O Rfd8 13. f3 a6 14. Kb1 b5
15. Be3 b4 16. Nd5 a5 17. b3 Nxd5 18. exd5 Bf5 19. g4 Bg6 20. Bd3 Bxd3 21. Qxd3
a4 22. Bd4 axb3 23. cxb3 Ra5 24. Qe4 Bh4 25. f4 Re8 26. Qf3 Bf6 27. Bxf6 gxf6
28. Rhe1 Rxe1 29. Rxe1 Qb5 30. Rd1 Qa6 31. Rd2 Rc5 32. Qd3 Qa3 33. Rc2 Qa5
1/2-1/2

[Event "SR 3. liga A2 2007/2008"]
[Site "?"]
[Date "2007.10.14"]
[Round "1"]
[White "Papanek, Lubomir"]
[Black "Steinecker, Frantisek"]
[Result "0-1"]
[WhiteElo "1667"]
[BlackElo "1720"]
[PlyCount "124"]
[EventDate "2007.??.??"]

1. d4 Nf6 2. c4 d6 3. Nf3 g6 4. Nc3 Bg7 5. e4 O-O 6. Be2 c6 7. O-O Bg4 8. h3
Bxf3 9. Bxf3 Nbd7 10. Qc2 Rc8 11. b3 b5 12. Qd3 b4 13. Ne2 c5 14. Bb2 cxd4 15.
Bxd4 Nc5 16. Qe3 a5 17. Rfd1 Nfd7 18. Bxg7 Kxg7 19. Bg4 Rc6 20. f4 h5 21. Bf3
e5 22. Kh2 Qf6 23. Rf1 exf4 24. Nxf4 Qe5 25. Kg1 Nf6 26. Nd3 Nxd3 27. Qxd3 Re8
28. Rfe1 Rc7 29. Rad1 Re6 30. Qd4 Rc5 31. Qxe5 Rcxe5 32. Rd4 g5 33. g4 hxg4 34.
hxg4 Kf8 35. Kf2 Ke7 36. Rh1 Nxe4+ 37. Bxe4 Rxe4 38. Rxe4 Rxe4 39. Kf3 Re5 40.
Rh8 Kd7 41. Ra8 f5 42. gxf5 Rxf5+ 43. Kg4 Re5 44. Ra7+ Ke6 45. Ra6 Rc5 46. Ra7
d5 47. Ra6+ Ke5 48. cxd5 Kxd5 49. Kxg5 Kd4+ 50. Kf4 Kc3 51. Rd6 Kb2 52. Rd2+
Rc2 53. Rd5 Kxa2 54. Rxa5+ Kxb3 55. Ke4 Kb2 56. Kd4 b3 57. Rb5 Ka2 58. Ra5+ Kb1
59. Rb5 b2 60. Rf5 Rc7 61. Kd3 Ra7 62. Kc3 Ka1 0-1

[Event "SR 3. liga A2 2007/2008"]
[Site "?"]
[Date "2007.10.21"]
[Round "1"]
[White "Furjel, Andrej"]
[Black "Sebesta, Radovan"]
[Result "1/2-1/2"]
[WhiteElo "2033"]
[BlackElo "2118"]
[PlyCount "46"]
[EventDate "2007.??.??"]

1. Nf3 Nf6 2. c4 e6 3. g3 b6 4. Bg2 Bb7 5. O-O Be7 6. d4 O-O 7. b3 c5 8. Bb2 d6
9. Nc3 Na6 10. Qd2 Qc8 11. Rad1 Rd8 12. Rfe1 Ne4 13. Nxe4 Bxe4 14. Qf4 Bb7 15.
dxc5 Nxc5 16. Ng5 Bxg5 17. Qxg5 e5 18. Bxb7 Qxb7 19. Rd5 f6 20. Qd2 Ne4 21. Qe3
Ng5 22. h4 Nf7 23. Red1 Rd7 $11 1/2-1/2

[Event "SR 3. liga A2 2007/2008"]
[Site "?"]
[Date "2007.10.21"]
[Round "1"]
[White "Vach, Pavol"]
[Black "Gono, Peter"]
[Result "1-0"]
[WhiteElo "2104"]
[BlackElo "1987"]
[PlyCount "115"]
[EventDate "2007.??.??"]

1. d4 c6 2. c4 d5 3. Nf3 Nf6 4. Nc3 dxc4 5. a4 Bf5 6. e3 e6 7. Bxc4 Bb4 8. O-O
O-O 9. Re1 Ne4 10. Qb3 Qa5 11. Bd2 Nxd2 12. Nxd2 Rd8 13. e4 Bg6 14. d5 cxd5 15.
exd5 exd5 16. Bxd5 Nc6 17. Nc4 Qc5 18. Ne5 Rxd5 19. Qxd5 Qxd5 20. Nxd5 Bxe1 21.
Nxc6 Bd2 22. Nc7 Rf8 23. Nxa7 Bc2 24. Nab5 Rd8 25. h3 Kf8 26. Nc3 Rd4 27. N7d5
Bb3 28. Nb6 Rb4 29. a5 Bc2 30. a6 bxa6 31. Rxa6 Rb3 32. Ra8+ Ke7 33. Ncd5+ Ke6
34. Re8+ Kf5 35. Re2 Rd3 36. Ne7+ Kg5 37. Nc4 Bb4 38. Nc6 Rd1+ 39. Kh2 Bd3 40.
Re5+ Kf6 41. Rd5 Be1 42. Rd6+ Kg5 43. N4e5 Be2 44. Nxf7+ Kf4 45. g3+ Kf3 46.
Ng5+ Kxf2 47. Rxd1 Bxd1 48. Nxh7 Bb3 49. Nd4 Bd5 50. Ng5 Ba5 51. h4 Bc7 52.
Nh3+ Ke3 53. Nf5+ Kf3 54. Ng5+ Kf2 55. h5 Be5 56. b4 Bc6 57. Ne6 Kf3 58. Nfd4+
1-0

[Event "SR 3. liga A2 2007/2008"]
[Site "?"]
[Date "2007.10.21"]
[Round "1"]
[White "Mihalik, Anton"]
[Black "Palka, Miroslav"]
[Result "0-1"]
[WhiteElo "1981"]
[BlackElo "2045"]
[PlyCount "59"]
[EventDate "2007.??.??"]

1. c4 c5 2. Nc3 Nc6 3. g3 g6 4. Bg2 Bg7 5. e3 e6 6. Nge2 Nge7 7. O-O d5 8. cxd5
Nxd5 9. Nxd5 exd5 10. d4 cxd4 11. Nxd4 Nxd4 12. exd4 O-O 13. Be3 Be6 14. Rc1
Qd7 15. Qb3 Rac8 16. Rfe1 b6 17. Bf1 Rxc1 18. Rxc1 Rc8 19. Rc3 Rxc3 20. Qxc3 h5
21. h4 Qa4 22. a3 Qd1 23. Qd3 Qa1 24. Qc3 Bh3 25. Qc1 Qxc1 26. Bxc1 Bxf1 27.
Kxf1 Bxd4 28. Ke2 Kf8 29. b3 Ke7 30. Bd2 {biely èas} 0-1

[Event "SR 3. liga A2 2007/2008"]
[Site "?"]
[Date "2007.10.21"]
[Round "1"]
[White "Skapikova, Lubica"]
[Black "Curidlo, Jan"]
[Result "1-0"]
[WhiteElo "1988"]
[BlackElo "2042"]
[PlyCount "133"]
[EventDate "2007.??.??"]

1. e4 c5 2. Nf3 d6 3. d4 cxd4 4. Nxd4 Nf6 5. Nc3 a6 6. Be2 e6 7. O-O Be7 8. f4
Qc7 9. Bf3 Nc6 10. Be3 O-O 11. Qe1 Bd7 12. Qg3 Kh8 13. Rad1 Rac8 14. e5 dxe5
15. Bxc6 exd4 16. Bxd7 Nxd7 17. Bxd4 Bf6 18. Be3 b5 19. Ne4 Bxb2 20. c3 Ba3 21.
Bd4 f6 22. Qh3 Qc6 23. Rfe1 Rce8 24. Rd3 Nb6 25. Qh4 Nd5 26. Rh3 h6 27. Qh5 Qd7
28. Qg4 Qf7 29. c4 e5 30. fxe5 f5 31. Rxh6+ Kg8 32. Qg3 fxe4 33. e6 Qc7 34. Qg6
Rxe6 35. Qxe6+ Qf7 36. Qxf7+ Rxf7 37. Rxa6 Bb4 38. Ra8+ Kh7 39. Rxe4 bxc4 40.
a3 Be7 41. Rc8 Bxa3 42. Rxc4 Be7 43. Re5 Nf4 44. Rc7 Ng6 45. Rh5+ Kg8 46. Rc8+
Nf8 47. g3 Bd6 48. Kg2 Bb4 49. h4 Bd6 50. Rd5 Ba3 51. g4 Kh7 52. Bc5 Bxc5 53.
Rh5+ Kg8 54. Rhxc5 Kh7 55. Rh5+ Kg8 56. Rf5 g6 57. Rxf7 Kxf7 58. Rxf8+ Kxf8 59.
Kf3 Ke7 60. Ke3 Ke6 61. Ke4 Kf6 62. Kd5 Ke7 63. Ke5 Kf7 64. Kd6 Kf6 65. Kd7 Kf7
66. g5 Kf8 67. Ke6 1-0